000 00742nam a2200289Ia 4500
005 20260324112412.0
008 008 260324s9999 xx 000 0 eng d
020 _a9781003407133
037 _aEBOOK
040 _aCRL
040 _beng
040 _cCRL
041 _2eng
041 _aeng
084 _qCRL
100 _aMyint Swe Khine; Abdulghani Muthanna
_91142545
245 4 _aThe Development of Professional Identity in Higher Education
245 0 _bContinuing and Advancing Professionalism
260 _bTaylor and Francis
260 _c2024
365 _a
365 _b230
856 _uhttp://www.taylorfrancis.com/books/9781003407133
942 _cEBOOK
999 _c1731737
_d1731737